Real time interaction with augmented information space (Record no. 12736)

000 -LEADER
fixed length control field 00367nam a22001217a 4500
082 ## - DEWEY DECIMAL CLASSIFICATION NUMBER
Classification number BIT-10 ARE
100 ## - MAIN ENTRY--PERSONAL NAME
Personal name Areej Farooq
245 ## - TITLE STATEMENT
Title Real time interaction with augmented information space
260 ## - PUBLICATION, DISTRIBUTION, ETC.
Place of publication, distribution, etc. Islamabad
Name of publisher, distributor, etc. NUST School of Electrical Engineering and Computer Science
Date of publication, distribution, etc. 2013
300 ## - PHYSICAL DESCRIPTION
Extent 42p. :
500 ## - GENERAL NOTE
General note Supervisor: Dr. Hamid Mukhtar
942 ## - ADDED ENTRY ELEMENTS (KOHA)
Koha item type Project Report
Holdings
Withdrawn status Lost status Damaged status Not for loan Collection code Permanent Location Current Location Shelving location Date acquired Total Checkouts Full call number Barcode Date last seen Price effective from Koha item type
          Central Library (CL) Central Library (CL) General Stacks 02/16/2014   BIT-10 ARE SEECSP01360 02/16/2014 02/16/2014 Project Report
© 2023 Central Library, National University of Sciences and Technology. All Rights Reserved.